[Event "Pan American-ch Hybrid U14 Girls 31st"]
[Site "Tornelo INT"]
[Date "2021.09.04"]
[Round "2"]
[White "Sotelo Leon, Ester Victoria"]
[Black "Lobo Jimenez, Marielys"]
[Result "1/2-1/2"]
[WhiteElo "1202"]
[BlackElo "1110"]
[PlyCount "73"]
[EventDate "2021.09.04"]
[EventType "swiss"]
[EventRounds "9"]
[EventCountry "NET"]
[SourceTitle "EXT 2023"]
[Source "ChessBase"]
[SourceDate "2022.10.05"]
[SourceVersion "1"]
[SourceVersionDate "2022.10.05"]
[SourceQuality "1"]

1. d4 d5 2. c4 Nf6 3. cxd5 Nxd5 4. e4 Nb6 5. Nc3 e6 6. Be3 Bb4 7. Nf3 Nc6 8. a3 Be7 9. Be2 0-0 10. Rc1 f5 11. exf5 exf5 12. d5 f4 13. Bxb6 axb6 14. dxc6 bxc6 15. Qxd8 Rxd8 16. 0-0 Be6 17. Ne5 Bf6 18. Nxc6 Rd2 19. Bf3 Rf8 20. Ne4 Rxb2 21. Nxf6+ Rxf6 22. Ne7+ Kf8 23. Nd5 Bxd5 24. Bxd5 c5 25. a4 Rd6 26. Rfd1 Ke7 27. g3 fxg3 28. hxg3 Rf6 29. Re1+ Kd6 30. Bh1 Rfxf2 31. Rcd1+ Rbd2 32. Bf3 Rh2 33. Rxd2+ Rxd2 34. Rd1 Rxd1+ 35. Bxd1 Ke5 36. Kf2 Kd4 37. Ke2 1/2-1/2